[Event "World Junior - Girls Ch 2001"]
[Site "?"]
[Date "2001.??.??"]
[Round "1"]
[White "Cedikova, K."]
[Black "Korbut, E."]
[Result "1-0"]
[WhiteElo "2142"]
[BlackElo "2418"]
[Annotator "G 1.2"]
[PlyCount "80"]
[EventDate "2001.08.16"]

1. d4 d5 2. c4 dxc4 3. Nf3 Nf6 4. e3 a6 5. a4 e6 6. Bxc4 c5 7. Nc3 Nc6 8. O-O
Be7 9. Ne5 cxd4 10. Nxc6 bxc6 11. exd4 O-O 12. Be3 Bb7 13. Qe2 Qc7 14. Rac1 Bd6
15. h3 c5 16. Bd3 Qc6 17. f3 cxd4 18. Ne4 Qd5 19. Nxf6+ gxf6 20. Bh6 Rfd8 21.
Qf2 Qh5 22. Bd2 Kh8 23. Be4 Qe5 24. Qh4 Bxe4 25. fxe4 Qh2+ 26. Kf2 Rg8 27.
Qxf6+ Rg7 28. Rg1 Qg3+ 29. Ke2 d3+ 30. Kf1 Be5 31. Qf3 Qxf3+ 32. gxf3 Rxg1+ 33.
Kxg1 Rg8+ 34. Kf2 Bd4+ 35. Be3 Bxb2 36. Rb1 Bf6 37. Rd1 Rd8 38. f4 Bc3 39. Kf3
Bb4 40. Bb6 40... Rd7 {Time.} 1-0

[Event "World Junior - Girls Ch 2001"]
[Site "?"]
[Date "2001.??.??"]
[Round "1"]
[White "Buckley, M."]
[Black "Zhao, X."]
[Result "0-1"]
[WhiteElo "2118"]
[BlackElo "2372"]
[Annotator "G 1.8"]
[PlyCount "84"]
[EventDate "2001.08.16"]

1. e4 c5 2. Nc3 Nc6 3. g3 g6 4. Bg2 Bg7 5. d3 e6 6. Be3 Nd4 7. Nge2 Ne7 8. O-O
O-O 9. Qd2 Rb8 10. Nc1 b5 11. Nd1 e5 12. c3 Ne6 13. Ne2 d5 14. f4 dxe4 15. dxe4
Qxd2 16. Bxd2 Bh6 17. Nf2 exf4 18. gxf4 f5 19. e5 Bb7 20. Rad1 Bxg2 21. Kxg2
Nd5 22. Kf3 Rfd8 23. h4 Kf7 24. Nh3 Rd7 25. Bc1 Rbd8 26. Rd2 Ke8 27. Rfd1 a5
28. b3 Ke7 29. Ba3 Ke8 30. Bb2 Nec7 31. Ng3 a4 32. Ng5 Bxg5 33. hxg5 c4 34.
bxc4 bxc4 35. Rd4 a3 36. Bxa3 Nb5 37. e6 Nxd4+ 38. Rxd4 Ra7 39. Bc5 Rxa2 40.
Rxc4 Rc8 41. Ne2 Ra6 42. Nd4 Nb6 0-1

[Event "World Junior - Girls Ch 2001"]
[Site "?"]
[Date "2001.??.??"]
[Round "1"]
[White "Jackova, J."]
[Black "Kasturi, M."]
[Result "1-0"]
[WhiteElo "2350"]
[BlackElo "2115"]
[Annotator "G 1.9"]
[PlyCount "105"]
[EventDate "2001.08.16"]

1. e4 c5 2. Nf3 Nc6 3. d4 cxd4 4. Nxd4 Nf6 5. Nc3 e5 6. Ndb5 d6 7. Bg5 a6 8.
Na3 b5 9. Bxf6 gxf6 10. Nd5 f5 11. c3 Bg7 12. exf5 Bxf5 13. Nc2 O-O 14. Nce3
Bg6 15. h4 Be4 16. Bd3 Bxd5 17. Nxd5 f5 18. Bc2 e4 19. Nf4 Qd7 20. Bb3+ Kh8 21.
Ne6 Rfe8 22. Ng5 Ne5 23. Qh5 Bf6 24. Bf7 Bxg5 25. Bxe8 Nd3+ 26. Kf1 Qa7 27. Qe2
Bc1 28. Bc6 Rc8 29. Rxc1 Nxc1 30. Qd2 Nd3 31. Bd5 Qc5 32. Be6 Rc7 33. Rh3 f4
34. h5 Qe5 35. Bb3 h6 36. g3 Qf5 37. Rh4 e3 38. Qe2 fxg3 39. Qxe3 Qxf2+ 40.
Qxf2 gxf2 41. Rd4 Nxb2 42. Rxd6 Nc4 43. Rxh6+ Kg7 44. Rg6+ Kh8 45. Kxf2 a5 46.
Re6 Nd2 47. Re5 Rb7 48. Bc2 Nc4 49. Rd5 Kg7 50. Bd3 Na3 51. Rd6 b4 52. h6+ Kf8
53. h7 1-0

[Event "World Junior - Girls Ch 2001"]
[Site "?"]
[Date "2001.??.??"]
[Round "1"]
[White "Gorlin, Y."]
[Black "Sergeeva, M."]
[Result "0-1"]
[WhiteElo "2106"]
[BlackElo "2327"]
[Annotator "G 1.10"]
[PlyCount "62"]
[EventDate "2001.08.16"]

1. e4 c5 2. Nf3 d6 3. d4 cxd4 4. Nxd4 Nf6 5. Nc3 a6 6. Bc4 e6 7. Bb3 b5 8. O-O
Be7 9. Qf3 Qb6 10. Be3 Qb7 11. a3 O-O 12. Rfe1 Nc6 13. Rad1 Ne5 14. Qg3 Nxe4
15. Nxe4 Qxe4 16. Bf4 Qb7 17. Bxe5 dxe5 18. Qxe5 Bf6 19. Qh5 Qb6 20. c3 Bb7 21.
Nxe6 g6 22. Qc5 Qxc5 23. Nxc5 Bc8 24. Nd7 Bxd7 25. Rxd7 a5 26. Re2 b4 27. cxb4
axb4 28. axb4 Rad8 29. Rb7 Rb8 30. Ra7 Rbc8 31. Rb7 Rc1+ 0-1

[Event "WJCC 2001"]
[Site "?"]
[Date "2001.??.??"]
[Round "2"]
[White "Karttunen, M."]
[Black "Tomczak, R."]
[Result "1-0"]
[WhiteElo "2466"]
[BlackElo "2358"]
[Annotator "B 2.10"]
[PlyCount "69"]
[EventDate "2001.??.??"]

1. d4 d5 2. Nf3 Nf6 3. c4 dxc4 4. e3 e6 5. Bxc4 c5 6. O-O a6 7. a4 Nc6 8. Qe2
cxd4 9. Rd1 d3 10. Rxd3 Qc7 11. Nc3 Bc5 12. h3 O-O 13. e4 Nd7 14. Kh1 Qb6 15.
e5 Bxf2 16. Bf4 Bc5 17. Rf1 Ne7 18. Ne4 Bb4 19. Nfg5 h6 20. Nf6+ gxf6 21. Nxe6
Ng6 22. Rg3 Ndxe5 23. Bxe5 Bxe6 24. Rxf6 Rfe8 25. Rfxg6+ fxg6 26. Rxg6+ Kf8 27.
Qf3+ Ke7 28. Bxe6 Rf8 29. Bf6+ Ke8 30. Qe4 Qd6 31. Bd5+ Kd7 32. Rg7+ Kc8 33.
Bxb7+ Kb8 34. Be5 Rf1+ 35. Kh2 1-0

[Event "WJCC 2001"]
[Site "?"]
[Date "2001.??.??"]
[Round "2"]
[White "Gagunashvili, M."]
[Black "Sebbar, A."]
[Result "1/2-1/2"]
[WhiteElo "2444"]
[BlackElo "2000"]
[Annotator "B 2.15"]
[PlyCount "61"]
[EventDate "2001.??.??"]

1. d4 Nf6 2. c4 g6 3. Nf3 Bg7 4. g3 O-O 5. Bg2 d6 6. Nc3 Nbd7 7. O-O e5 8. e4
exd4 9. Nxd4 Nc5 10. h3 a5 11. Re1 a4 12. Be3 Nfd7 13. f4 Nb6 14. Bf1 Re8 15.
Bf2 Nbd7 16. Qc2 c6 17. Rad1 Qc7 18. Nde2 Bf8 19. g4 Nb6 20. b3 axb3 21. axb3
Bd7 22. Ng3 Na6 23. Qd2 c5 24. g5 Nb4 25. f5 Bc6 26. f6 Nd7 27. Kg2 Ra3 28. Rb1
Ne5 29. Be2 Rea8 30. Red1 Na2 31. Be1 1/2-1/2

[Event "WJCC 2001"]
[Site "?"]
[Date "2001.??.??"]
[Round "2"]
[White "Gomez, J."]
[Black "Berkvens, J."]
[Result "1-0"]
[WhiteElo "2000"]
[BlackElo "2444"]
[Annotator "B 2.16"]
[PlyCount "87"]
[EventDate "2001.??.??"]

1. e4 c5 2. Nf3 Nc6 3. Bb5 g6 4. Bxc6 bxc6 5. O-O Bg7 6. Re1 f6 7. c3 Nh6 8. d4
cxd4 9. cxd4 O-O 10. Nc3 d6 11. h3 Nf7 12. Be3 Bd7 13. Qc2 e6 14. Rad1 Qe7 15.
e5 fxe5 16. dxe5 Nxe5 17. Nxe5 Bxe5 18. Bc5 Rf5 19. Rxe5 dxc5 20. Qe2 Raf8 21.
Rxf5 gxf5 22. Qe5 Bc8 23. Rd3 f4 24. Ne4 Qg7 25. Qxg7+ Kxg7 26. Rd6 Rf7 27.
Nxc5 Kf6 28. Rxc6 Rf8 29. Rc7 e5 30. Rxa7 Rd8 31. f3 Rd1+ 32. Kh2 Bf5 33. a4
Bg6 34. a5 Rd2 35. Rb7 e4 36. Nxe4+ Bxe4 37. fxe4 f3 38. Kg1 Rxg2+ 39. Kf1 Ke5
40. a6 Rg6 41. a7 Ra6 42. Kf2 Kxe4 43. Re7+ Kf4 44. Rxh7 1-0

[Event "WJCC 2001"]
[Site "?"]
[Date "2001.??.??"]
[Round "2"]
[White "Pert, N."]
[Black "Geirnaert, S."]
[Result "1/2-1/2"]
[WhiteElo "2475"]
[BlackElo "200"]
[Annotator "B 2.24"]
[PlyCount "89"]
[EventDate "2001.??.??"]

1. d4 Nf6 2. Nf3 e6 3. c4 b6 4. a3 Bb7 5. Nc3 d5 6. cxd5 Nxd5 7. Qc2 Be7 8. Bd2
O-O 9. e4 Nxc3 10. Bxc3 c5 11. O-O-O cxd4 12. Nxd4 Qc7 13. Kb1 a6 14. f3 Nc6
15. Be2 Rac8 16. Nxc6 Qxc6 17. Qb3 Bc5 18. Rc1 Qd6 19. g3 b5 20. Ba5 Bb6 21.
Rcd1 Qc7 22. Rc1 Bc6 23. Bc3 Rfd8 24. Rhd1 Be3 25. Rxd8+ Rxd8 26. Rc2 Bg1 27.
Be1 Qb7 28. Rc1 h6 29. Rd1 Rxd1+ 30. Qxd1 Qd7 31. Qc1 Qb7 32. h4 Qb6 33. Qc3
Qe3 34. Qxe3 Bxe3 35. Kc2 Kf8 36. a4 Bc5 37. axb5 Bxb5 38. Bxb5 axb5 39. h5 Ke7
40. Kd3 Kd6 41. Bc3 e5 42. b3 Ke6 43. Ke2 Kd6 44. Kd3 Ke6 45. Ke2 1/2-1/2

[Event "WJCC 2001"]
[Site "?"]
[Date "2001.??.??"]
[Round "2"]
[White "Khukhashvili, S."]
[Black "Xu, Yuanyuan"]
[Result "1-0"]
[WhiteElo "2295"]
[BlackElo "2431"]
[Annotator "G 2.1"]
[PlyCount "85"]
[EventDate "2001.??.??"]

1. e4 c6 2. d4 d5 3. exd5 cxd5 4. c4 Nf6 5. Nc3 e6 6. Nf3 Bb4 7. cxd5 Nxd5 8.
Bd2 Nc6 9. Bd3 Be7 10. O-O O-O 11. Qe2 Nf6 12. Ne4 Qb6 13. a3 Bd7 14. Rfd1 Rad8
15. b4 Bc8 16. b5 Nxe4 17. Qxe4 f5 18. Qe1 Nxd4 19. Ba5 Nxf3+ 20. gxf3 Qd4 21.
Bxd8 Qxd8 22. Bxf5 Qb6 23. Bg4 h5 24. Bxh5 Qxb5 25. Bg4 Qg5 26. Qd2 Qh4 27. Qe2
Bc5 28. Ra2 Kh8 29. a4 b6 30. Qe4 Qg5 31. Rad2 e5 32. h4 Qxh4 33. Bxc8 Qxe4 34.
fxe4 Rxc8 35. Rd8+ Rxd8 36. Rxd8+ Kh7 37. Rd5 Bd4 38. Kf1 Bb2 39. Rd6 Ba3 40.
Re6 Bb2 41. Re7 a6 42. Rd7 b5 43. a5 1-0

[Event "WJCC 2001"]
[Site "?"]
[Date "2001.??.??"]
[Round "2"]
[White "Zhao, X."]
[Black "Meenakshi, S."]
[Result "0-1"]
[WhiteElo "2372"]
[BlackElo "2245"]
[Annotator "G 2.5"]
[PlyCount "96"]
[EventDate "2001.??.??"]

1. e4 e5 2. Nf3 Nf6 3. Nxe5 d6 4. Nf3 Nxe4 5. d4 d5 6. Bd3 Be7 7. O-O Nc6 8. c4
Nb4 9. Be2 O-O 10. Nc3 Bf5 11. Bf4 Rc8 12. c5 g5 13. Bd2 Nc6 14. Be3 Be6 15.
Bb5 f6 16. Ne1 Na5 17. Qc1 Nxc3 18. Qxc3 Nc4 19. Bc1 c6 20. Ba4 Qa5 21. Qxa5
Nxa5 22. f4 b6 23. f5 Bd7 24. Nd3 bxc5 25. dxc5 Nc4 26. Bc2 Rfe8 27. b3 Ne5 28.
Be3 Bd8 29. Nxe5 Rxe5 30. Bd4 Re2 31. Bd3 Re8 32. h4 h6 33. hxg5 hxg5 34. Kf2
Rb8 35. g3 Kg7 36. Rae1 Bc7 37. Rxe8 Rxe8 38. Kf3 Be5 39. Bf2 Rb8 40. Rb1 a5
41. Be1 Bd4 42. Rc1 Ra8 43. Bd2 Be8 44. Bc3 Be5 45. Kg4 Bd7 46. Bxe5 fxe5 47.
Kxg5 Kf7 48. Rh1 Rg8+ 0-1

[Event "WJCC 2001"]
[Site "?"]
[Date "2001.??.??"]
[Round "2"]
[White "Kaps, D."]
[Black "Jackova, J."]
[Result "0-1"]
[WhiteElo "2221"]
[BlackElo "2350"]
[Annotator "G 2.6"]
[PlyCount "62"]
[EventDate "2001.??.??"]

1. e4 e5 2. Nf3 Nc6 3. Bc4 Bc5 4. c3 Nf6 5. b4 Bb6 6. d3 d6 7. a4 a5 8. b5 Ne7
9. Nbd2 Ng6 10. Nf1 O-O 11. Ne3 c6 12. Ba3 Ng4 13. Nxg4 Bxg4 14. h3 Bc8 15.
bxc6 bxc6 16. Rb1 Ba7 17. d4 Qf6 18. Kf1 Re8 19. d5 cxd5 20. Bb5 Rd8 21. Qxd5
Be6 22. Qd2 Rac8 23. c4 Nh4 24. Rb3 Bxc4+ 25. Bxc4 Rxc4 26. Qxa5 Bc5 27. Bxc5
dxc5 28. Re3 Nxf3 29. gxf3 h6 30. Qc7 Rd1+ 31. Re1 Rxe1+ 0-1

[Event "WJCC 2001"]
[Site "?"]
[Date "2001.??.??"]
[Round "2"]
[White "Sergeeva, M."]
[Black "Jurkiewicz, K."]
[Result "1-0"]
[WhiteElo "2327"]
[BlackElo "2217"]
[Annotator "G 2.7"]
[PlyCount "67"]
[EventDate "2001.??.??"]

1. e4 c5 2. Nf3 Nc6 3. d4 cxd4 4. Nxd4 Nf6 5. Nc3 e5 6. Ndb5 d6 7. Bg5 a6 8.
Na3 b5 9. Bxf6 gxf6 10. Nd5 f5 11. Bd3 f4 12. g3 Bg7 13. c3 Rb8 14. Nc2 O-O 15.
Qh5 Re8 16. O-O-O Ne7 17. Ncb4 Bb7 18. Nxe7+ Qxe7 19. Bc2 h6 20. gxf4 exf4 21.
Rhg1 Qf6 22. Nd5 Bxd5 23. Rxd5 Re5 24. Rxe5 dxe5 25. Bb3 Kf8 26. Rd1 Rb7 27.
Qg4 Rc7 28. Kb1 Qg5 29. Qe2 Qe7 30. Qd3 Rc6 31. Qd5 Qc7 32. a4 Rb6 33. Qa8+ Ke7
34. Qg8 1-0

[Event "WJCC 2001"]
[Site "?"]
[Date "2001.??.??"]
[Round "2"]
[White "Dzagnidze, N."]
[Black "Plachkinova, T."]
[Result "1-0"]
[WhiteElo "2321"]
[BlackElo "2190"]
[Annotator "G 2.9"]
[PlyCount "39"]
[EventDate "2001.??.??"]

1. d4 d5 2. c4 c6 3. cxd5 cxd5 4. Nc3 Nf6 5. Bf4 Nc6 6. e3 e6 7. Bd3 Bd6 8.
Bxd6 Qxd6 9. f4 O-O 10. Nf3 a6 11. O-O b5 12. Rc1 Bd7 13. Ne5 Na5 14. Qe1 Rac8
15. Nxb5 Qb6 16. Rxc8 Bxc8 17. Nc3 Bd7 18. g4 Bb5 19. Nxb5 axb5 20. g5 1-0

[Event "WJCC 2001"]
[Site "?"]
[Date "2001.??.??"]
[Round "2"]
[White "Khamrakulova, I."]
[Black "Reizniece, D."]
[Result "1-0"]
[WhiteElo "2217"]
[BlackElo "2312"]
[Annotator "G 2.10"]
[PlyCount "63"]
[EventDate "2001.??.??"]

1. e4 c5 2. c3 e6 3. d4 d5 4. exd5 exd5 5. Nf3 Nc6 6. Be3 c4 7. Be2 Bd6 8. O-O
Nge7 9. b3 cxb3 10. axb3 O-O 11. c4 Bg4 12. Nc3 a5 13. Nb5 Bb8 14. h3 Bh5 15.
Nh4 Bxe2 16. Qxe2 Re8 17. Qh5 Ra6 18. Bg5 h6 19. Bxe7 Nxe7 20. Rfe1 dxc4 21.
bxc4 Rc6 22. c5 Ng6 23. Nf5 Nf4 24. Qf3 Rf6 25. Nbd6 Bxd6 26. Nxd6 Re7 27. Ne4
Rf5 28. g4 Nxh3+ 29. Qxh3 Rf4 30. Nd6 Rxd4 31. Rxe7 Qxe7 32. Qf3 1-0

[Event "WJCC 2001"]
[Site "?"]
[Date "2001.??.??"]
[Round "2"]
[White "Zimina, O."]
[Black "Cedikova, K."]
[Result "1-0"]
[WhiteElo "2312"]
[BlackElo "2142"]
[Annotator "G 2.11"]
[PlyCount "55"]
[EventDate "2001.??.??"]

1. e4 c5 2. Nf3 d6 3. d4 cxd4 4. Bb5+ Bd7 5. Bxd7+ Qxd7 6. Qxd4 Nc6 7. Qd3 Nf6
8. O-O g6 9. b3 Bg7 10. Bb2 O-O 11. c4 Qg4 12. Re1 Nh5 13. Bxg7 Nf4 14. Qf1
Kxg7 15. Nc3 Rfd8 16. Nd5 e6 17. Ne3 Nh3+ 18. Kh1 Qxe4 19. Rad1 Qf4 20. Re2 Ng5
21. Nxg5 Qxg5 22. f4 Qc5 23. f5 exf5 24. Rd5 Qb6 25. g4 Nd4 26. Qa1 f4 27. Rxd4
f6 28. Nd5 1-0

[Event "WJCC 2001"]
[Site "?"]
[Date "2001.??.??"]
[Round "2"]
[White "Toubal, W."]
[Black "Gu, X."]
[Result "0-1"]
[WhiteElo "2000"]
[BlackElo "2295"]
[Annotator "G 2.12"]
[PlyCount "82"]
[EventDate "2001.??.??"]

1. d4 Nf6 2. c4 c5 3. d5 b5 4. cxb5 a6 5. Nc3 axb5 6. Nxb5 d6 7. g3 g6 8. Bg2
Bg7 9. Nc3 O-O 10. e4 Ba6 11. Nge2 Nbd7 12. O-O Ne5 13. Qc2 Nd3 14. Bd2 Ng4 15.
h3 Nge5 16. a3 Nxb2 17. Kh1 Nbc4 18. Bf4 Qa5 19. a4 Rfb8 20. Ra2 Rb4 21. Rfa1
Rab8 22. Bc1 Rb3 23. Rb1 Rxb1 24. Nxb1 Qe1+ 25. Ng1 Nd3 26. Qxd3 Qxc1 27. Nd2
Nxd2 28. Qxd2 Qxd2 29. Rxd2 Rb1 30. Ra2 c4 31. Kh2 c3 32. Ne2 Rb2 33. Nc1 Rxa2
34. Nxa2 c2 35. e5 Bxe5 36. Be4 Bc4 37. Bxc2 Bxa2 38. f4 Bd4 39. Be4 e6 40.
dxe6 fxe6 41. Bc6 Kf7 0-1

[Event "WJCC 2001"]
[Site "?"]
[Date "2001.??.??"]
[Round "2"]
[White "Paehtz, E."]
[Black "Kopinits, A."]
[Result "1-0"]
[WhiteElo "2383"]
[BlackElo "2000"]
[Annotator "G 2.13"]
[PlyCount "61"]
[EventDate "2001.??.??"]

1. e4 Nf6 2. e5 Nd5 3. d4 d6 4. exd6 cxd6 5. c4 Nb6 6. Nc3 g6 7. Be3 Bg7 8. Rc1
O-O 9. b3 f5 10. d5 f4 11. Bd4 Bxd4 12. Qxd4 e5 13. dxe6 Nc6 14. Qd2 Bxe6 15.
Nf3 d5 16. c5 Nc8 17. Be2 g5 18. h3 h6 19. O-O N8e7 20. Rfe1 Bf5 21. Rcd1 Be4
22. Nxe4 dxe4 23. Bc4+ Kh7 24. Qc2 Qc7 25. Rxe4 Nf5 26. Be6 Rad8 27. Rxd8 Qxd8
28. Bxf5+ Rxf5 29. Re5 Nxe5 30. Qxf5+ Ng6 31. Qf7+ 1-0

[Event "WJCC 2001"]
[Site "?"]
[Date "2001.??.??"]
[Round "2"]
[White "Sperdokli, E."]
[Black "Ubiennykh, E."]
[Result "0-1"]
[WhiteElo "2141"]
[BlackElo "2288"]
[Annotator "G 2.15"]
[PlyCount "56"]
[EventDate "2001.??.??"]

1. e4 e5 2. Nf3 Nc6 3. Nc3 Nf6 4. g3 d5 5. exd5 Nxd5 6. Bg2 Nxc3 7. bxc3 Bc5 8.
O-O O-O 9. d3 Bg4 10. h3 Bh5 11. Rb1 Rb8 12. Rb5 b6 13. g4 Bg6 14. Ng5 Qd7 15.
Ne4 Bxe4 16. Bxe4 Ne7 17. Rxc5 bxc5 18. Ba3 Rb5 19. f4 exf4 20. d4 cxd4 21. Qd3
g6 22. Rxf4 Rb1+ 23. Kf2 Rd8 24. cxd4 Nd5 25. Rf3 Rb6 26. Bc5 Re6 27. c4 Nb6
28. Re3 Rde8 0-1

[Event "WJCC 2001"]
[Site "?"]
[Date "2001.??.??"]
[Round "2"]
[White "Penas Hernandez, J."]
[Black "Hryhorenko, N."]
[Result "0-1"]
[WhiteElo "2000"]
[BlackElo "2236"]
[Annotator "G 2.16"]
[PlyCount "58"]
[EventDate "2001.??.??"]

1. e4 e6 2. d4 d5 3. Nc3 Bb4 4. e5 Qd7 5. Qg4 f5 6. Qg3 b6 7. Nh3 Ba6 8. Bxa6
Nxa6 9. Bd2 c5 10. O-O-O O-O-O 11. Qd3 Nc7 12. a3 Bxc3 13. Bxc3 Ne7 14. dxc5
bxc5 15. Ba5 Nc6 16. Bxc7 Kxc7 17. Qc3 Qe7 18. Nf4 g5 19. Nd3 c4 20. Ne1 Rb8
21. Nf3 Rb6 22. Kd2 Rhb8 23. Rb1 Qc5 24. Nxg5 Qxf2+ 25. Kd1 Nd4 26. Re1 Qf4 27.
Nh3 Qg4+ 28. Kd2 Qxg2+ 29. Ke3 Nxc2+ 0-1

[Event "WJCC 2001"]
[Site "?"]
[Date "2001.??.??"]
[Round "2"]
[White "Korbut, E."]
[Black "Ramanauskaite, G."]
[Result "1-0"]
[WhiteElo "2418"]
[BlackElo "2000"]
[Annotator "G 2.18"]
[PlyCount "57"]
[EventDate "2001.??.??"]

1. e4 e6 2. d4 d5 3. Nc3 dxe4 4. Nxe4 Nd7 5. g3 Ngf6 6. Nxf6+ Nxf6 7. Bg2 c5 8.
Ne2 Bd6 9. Be3 cxd4 10. Nxd4 a6 11. h4 Qc7 12. Qd3 O-O 13. O-O-O Rb8 14. Nb5
axb5 15. Qxd6 Qxd6 16. Rxd6 Ra8 17. Rhd1 Rxa2 18. Kb1 Ra6 19. Rxa6 bxa6 20. Bc6
e5 21. Bc5 Bg4 22. f3 Rc8 23. fxg4 h6 24. Rd6 Nxg4 25. b4 Rc7 26. Bf3 Nf6 27.
Rxa6 e4 28. Be2 Nd5 29. Kb2 1-0

[Event "WJCC 2001"]
[Site "?"]
[Date "2001.??.??"]
[Round "3"]
[White "Berg, E."]
[Black "Mahesh Chandran, P."]
[Result "1-0"]
[WhiteElo "2496"]
[BlackElo "2339"]
[Annotator "B 3.4"]
[PlyCount "91"]
[EventDate "2001.??.??"]

1. e4 e6 2. d4 d5 3. Nc3 Nf6 4. e5 Nfd7 5. f4 c5 6. Nf3 Nc6 7. Be3 cxd4 8. Nxd4
Bc5 9. Qd2 a6 10. O-O-O O-O 11. h4 Bxd4 12. Bxd4 b5 13. Bg1 Qa5 14. Kb1 b4 15.
Ne2 Nc5 16. Bxc5 Qxc5 17. Nd4 a5 18. Nxc6 Qxc6 19. h5 Ba6 20. f5 exf5 21. Bxa6
Rxa6 22. Qxd5 h6 23. Rhf1 Rc8 24. Qd3 a4 25. Qxf5 Ra7 26. Rd6 Qc5 27. Rfd1 Re8
28. R6d5 Qc6 29. Rd8 Rae7 30. a3 bxa3 31. R1d7 Rxd8 32. Rxd8+ Re8 33. Qf3 Qb5
34. Rxe8+ Qxe8 35. Qxa3 Qb5 36. Qf3 Qc4 37. Qd3 Qg4 38. Qd5 Qxh5 39. Ka2 Qg4
40. c4 Qe2 41. c5 g5 42. c6 Kg7 43. Qc5 Qa6 44. c7 Qe6+ 45. Ka1 Qc8 46. Qd6 1-0

[Event "WJCC 2001"]
[Site "?"]
[Date "2001.??.??"]
[Round "3"]
[White "Izoria, Z."]
[Black "Gomez, P."]
[Result "1-0"]
[WhiteElo "2486"]
[BlackElo "2000"]
[Annotator "B 3.6"]
[PlyCount "101"]
[EventDate "2001.??.??"]

1. Nf3 Nf6 2. c4 e6 3. d4 b6 4. g3 Ba6 5. Nbd2 Bb7 6. Bg2 c5 7. e4 cxd4 8. O-O
d6 9. Nxd4 a6 10. Re1 Qc7 11. a4 Nc6 12. Nxc6 Bxc6 13. a5 bxa5 14. Nb3 Rb8 15.
Nxa5 Bd7 16. Bd2 e5 17. b4 Be7 18. Qe2 O-O 19. Rec1 Rfc8 20. Rab1 Bd8 21. Qd3
Ne8 22. Be3 Be6 23. c5 dxc5 24. Rxc5 Qd6 25. Qxd6 Nxd6 26. Nc6 Rb7 27. Nxe5 Bb6
28. Rxc8+ Nxc8 29. Rd1 h6 30. Bxb6 Rxb6 31. f4 f6 32. Rd8+ Kh7 33. f5 Rd6 34.
Rxd6 Nxd6 35. fxe6 fxe5 36. Bf1 Kg8 37. Bxa6 Nxe4 38. Bc4 Kf8 39. b5 Ke7 40. b6
Nc5 41. Bd5 Kd6 42. b7 Na6 43. Kf2 Nb8 44. Ke3 Na6 45. Bc4 Nb8 46. Ke4 g6 47.
g4 Nc6 48. Bb5 Nb8 49. e7 Kxe7 50. Kxe5 g5 51. h3 1-0

[Event "WJCC 2001"]
[Site "?"]
[Date "2001.??.??"]
[Round "3"]
[White "Flores, D."]
[Black "Miton, K."]
[Result "0-1"]
[WhiteElo "2425"]
[BlackElo "2516"]
[Annotator "B 3.7"]
[PlyCount "108"]
[EventDate "2001.??.??"]

1. e4 c5 2. c3 e6 3. d4 d5 4. exd5 exd5 5. Nf3 Nc6 6. Bb5 Bd6 7. O-O Nge7 8.
dxc5 Bxc5 9. Nbd2 O-O 10. Nb3 Bb6 11. Bd3 h6 12. h3 Qd6 13. Nbd4 Bxd4 14. cxd4
Bf5 15. a3 Rfe8 16. Re1 Qg6 17. Nh4 Qf6 18. Nxf5 Nxf5 19. Rxe8+ Rxe8 20. Bxf5
Qxf5 21. Be3 Rc8 22. Rc1 Nd8 23. Rxc8 Qxc8 24. Qf3 Qd7 25. Qg3 Kh7 26. Bd2 Ne6
27. Qd3+ Kg8 28. Qg3 Kh7 29. Qd3+ Kh8 30. g3 Kg8 31. h4 a6 32. h5 Nd8 33. Kg2
Qg4 34. Qf3 Qxd4 35. Bc3 Qc4 36. Be5 Ne6 37. b3 Qc6 38. Qg4 Ng5 39. Bd4 Qe6 40.
Qxe6 Nxe6 41. Bb6 g6 42. hxg6 fxg6 43. g4 Kf7 44. Kg3 g5 45. Kf3 Kf6 46. a4 Ke5
47. b4 Nd4+ 48. Kg3 Ke4 49. Bc5 Ne2+ 50. Kg2 Nf4+ 51. Kg3 d4 52. f3+ Ke3 53. b5
axb5 54. axb5 Ne6 0-1

[Event "WJCC 2001"]
[Site "?"]
[Date "2001.??.??"]
[Round "3"]
[White "Sebbar, A."]
[Black "Simutowe, A."]
[Result "0-1"]
[WhiteElo "2000"]
[BlackElo "2462"]
[Annotator "B 3.11"]
[PlyCount "112"]
[EventDate "2001.??.??"]

1. e4 c5 2. Nf3 d6 3. d4 cxd4 4. Nxd4 Nf6 5. Nc3 a6 6. Bg5 e6 7. f4 Qb6 8. a3
Nc6 9. Nb3 Qe3+ 10. Qe2 Qxe2+ 11. Bxe2 h6 12. Bh4 Rg8 13. O-O-O g5 14. fxg5
hxg5 15. Bg3 Ne5 16. Bxe5 dxe5 17. Na5 Bc5 18. Rhf1 Ke7 19. Nb3 Be3+ 20. Kb1 g4
21. Rd3 Bb6 22. Nd2 Bc7 23. h3 gxh3 24. gxh3 Rg6 25. Rdf3 Bd7 26. a4 Be8 27. b4
Nh5 28. Nb3 Bd6 29. b5 Ng3 30. R1f2 Bb4 31. Na2 Bd6 32. Bd3 axb5 33. axb5 Nh5
34. Nd2 Bc5 35. Rf1 Nf4 36. Nc1 Rg7 37. Ncb3 Bb4 38. Nc4 f6 39. Nb6 Rd8 40. Bc4
Rg2 41. Nc1 Ba5 42. Na4 Rd4 43. Nb2 Rxe4 44. Ncd3 Bd2 45. Nc5 Rd4 46. Nxb7 Bg6
47. R3f2 Rxf2 48. Rxf2 e4 49. Nc5 e3 50. Rh2 Rd8 51. b6 Rb8 52. b7 Bb4 53. Nbd3
Bxc5 54. Nxc5 Kd6 55. Nb3 Rxb7 56. Kc1 Rc7 0-1

[Event "WJCC 2001"]
[Site "?"]
[Date "2001.??.??"]
[Round "3"]
[White "Jackova, J."]
[Black "Khukhashvili, S."]
[Result "0-1"]
[WhiteElo "2350"]
[BlackElo "2295"]
[Annotator "G 3.3"]
[PlyCount "130"]
[EventDate "2001.??.??"]

1. e4 c5 2. Nf3 d6 3. d4 cxd4 4. Nxd4 Nf6 5. Nc3 a6 6. Bc4 e6 7. Bb3 b5 8. O-O
Be7 9. Qf3 Qc7 10. Qg3 O-O 11. Bh6 Ne8 12. Kh1 Bd7 13. f4 Bf6 14. Rad1 b4 15.
Nce2 Kh8 16. Bg5 Nc6 17. f5 Nxd4 18. Nxd4 e5 19. Nf3 h6 20. Qh3 Bxg5 21. Nxg5
Bb5 22. Rfe1 Bc4 23. Bxc4 Qxc4 24. f6 Nxf6 25. Rxd6 Kg8 26. Rxf6 hxg5 27. Rf3
Rad8 28. c3 bxc3 29. Rxc3 Qxe4 30. Rcc1 Qd4 31. b3 Rfe8 32. Qh5 Qd2 33. Rf1 g6
34. Qf3 Qd5 35. Qe2 Qe6 36. Qe4 Rd4 37. Qb7 Rd7 38. Qe4 Qd5 39. Qe2 Qa5 40. Qg4
Qd8 41. Qe4 Kg7 42. h3 Ree7 43. Qf3 Rd6 44. Qe3 f6 45. Qe4 Rc7 46. Rb1 Rd4 47.
Qe2 Rc6 48. a4 Qd5 49. Rbc1 Rd6 50. Qe3 Rd7 51. Qc3 f5 52. Qc8 Rd2 53. Rg1 Rd3
54. Kh2 e4 55. Rc6 g4 56. Qxa6 Qf7 57. Qb5 Re7 58. Qc5 g3+ 59. Kh1 e3 60. Qc2
Red7 61. b4 Qe7 62. Qb2+ Kh7 63. Rc8 Qg7 64. Qe2 Qd4 65. Re8 Rd1 0-1

[Event "WJCC 2001"]
[Site "?"]
[Date "2001.??.??"]
[Round "3"]
[White "Charkhalashvili, I."]
[Black "Zhao, X."]
[Result "1-0"]
[WhiteElo "2278"]
[BlackElo "2372"]
[Annotator "G 3.9"]
[PlyCount "79"]
[EventDate "2001.??.??"]

1. d4 g6 2. Nf3 Bg7 3. c4 f5 4. Nc3 Nf6 5. Bf4 d6 6. e3 O-O 7. Be2 Nh5 8. Qb3
Kh8 9. Rd1 Qe8 10. Nd5 Na6 11. c5 e6 12. Bxa6 exd5 13. Be2 Nxf4 14. exf4 Qe4
15. cxd6 cxd6 16. Rd2 Qxf4 17. Qxd5 Qe4 18. Qxd6 Be6 19. O-O Rad8 20. Qa3 Bd5
21. Bd1 Qf4 22. Rc2 Rfe8 23. Qxa7 g5 24. g3 Qg4 25. Rc3 f4 26. Ne5 Qh3 27. Bf3
Bxf3 28. Rxf3 Bxe5 29. dxe5 Re6 30. Qa5 b6 31. Qc3 Rh6 32. Re1 Qxh2+ 33. Kf1
Re8 34. gxf4 gxf4 35. Re4 Rh4 36. e6+ Kg8 37. Qf6 Rc8 38. Rc4 Rf8 39. Qg5+ Kh8
40. Rc7 1-0

[Event "WJCC 2001"]
[Site "?"]
[Date "2001.??.??"]
[Round "3"]
[White "Buckley, M."]
[Black "Korbut, E."]
[Result "0-1"]
[WhiteElo "2418"]
[BlackElo "2118"]
[Annotator "G 3.11"]
[PlyCount "70"]
[EventDate "2001.??.??"]

1. e4 c5 2. Nc3 g6 3. g3 Bg7 4. Bg2 Nc6 5. d3 d6 6. Be3 Rb8 7. Qd2 b5 8. Nge2
Nd4 9. O-O b4 10. Nd1 a5 11. Nc1 h5 12. c3 Nb5 13. h3 Be6 14. Ne2 Nf6 15. c4
Nc7 16. Rc1 Qc8 17. Kh2 h4 18. g4 Bxg4 19. hxg4 Nxg4+ 20. Kh1 h3 21. Bf3 Ne5
22. Bg5 Nxf3 23. Qf4 Ne5 24. Qg3 Qg4 25. Qxg4 Nxg4 26. Bf4 Ne6 27. Bg3 Kd7 28.
f4 f5 29. Ng1 Nd4 30. Bh2 a4 31. Nf2 Ne3 32. Rfe1 Ndc2 33. Re2 Bxb2 34. Rcxc2
Nxc2 35. Rxc2 a3 0-1